000 00650nam a2200229 i 4500
001 bg
100 1 _aKRECZMAŃSKA, Katarzyna
245 1 0 _aFaktoring w przedsiębiorstwie :
_binformator - instytucje faktoringowe /
_cKatarzyna Kreczmańska.
260 _aWarszawa :
_bBart,
_cc.1997.
300 _a107, [21] s. :
_brys. ;
_c21 cm.
650 9 _aFactoring
650 9 _aWierzytelność
650 9 _aPrzedsiębiorstwo
_xfinanse
650 9 _aBanki
020 _a8390381419
040 _cBPK
041 0 _apl
080 _a347.4:658.14/.17:336.7](438)
920 _a83-903814-1-9
942 _cKS
008 s pl f |000 0 pol
999 _c32488
_d32488
856 _uhttp://koha.tu.koszalin.pl/cgi-bin/koha/opac-detail.pl?biblionumber=32488
_yKatalog online BPK